| 000 | 00418nam a2200157Ia 4500 | ||
|---|---|---|---|
| 003 | SGT | ||
| 020 | _a9789350142455 | ||
| 082 |
_a621.8 _bSIN |
||
| 100 | _aSingh,Sadhu | ||
| 245 | _aKinematics of Machines | ||
| 260 |
_bS.K. Kataria & SONS _aN.Delhi _c2012 |
||
| 300 | _a442p. | ||
| 650 | _aMECHANICAL ENGINEERING | ||
| 653 | _aVELOCITY IN MECHANISMS, ACCELERATION IN MECHANISMS FRICTION ,CAMS GEARS | ||
| 942 |
_2ddc _cBK |
||
| 999 |
_c5724 _d5724 |
||